Colours with 3 letters - Statistics

General Stats
  • This quiz has been taken 74 times
  • The average score is 2 of 6
Answer Stats
Hex Answer % Correct
#ff0000 Red
100%
#d2b48c Tan
56%
#afdaf1 Sky
38%
#8f898d Ash
16%
#343434 Jet
16%
#b28429 Oak
3%
No matching quizzes found
Score Distribution
Percent of People with Each Score
Percentile by Number Answered
Your Score History
You have not taken this quiz